Vista normal
Vista MARC
Entrada Nombre personal
Número de registros utilizados en: 2
001 - NÚMERO DE CONTROL
- campo de control: 74695
003 - IDENTIFICADOR DEL NÚMERO DE CONTROL
- campo de control: BNPHU
005 - FECHA Y HORA DE LA ÚLTIMA TRANSACCIÓN
- campo de control: 20240313114412.0
008 - DATOS DE LONGITUD FIJA
- campo de control de longitud fija: 200615|| aca||aabn | a|a d
010 ## - NÚMERO DE CONTROL DE LA BIBLIOTECA DEL CONGRESO
- Número de control de LC: no2017027337
040 ## - FUENTE DE LA CATALOGACIÓN
- Centro catalogador/agencia de origen: DO-SdBNP
- Lengua de catalogación: spa
- Centro/agencia transcriptor: BNPHU
- Normas de descripción: rda
100 1# - ENCABEZAMIENTO-NOMBRE DE PERSONA
- Nombre de persona: Rosario, José Frank
370 ## - LUGAR ASOCIADO
- Lugar de nacimiento: Moca (República Dominicana)
374 ## - OCUPACIÓN
- Ocupación: Educador
- Ocupación: Poeta
- Ocupación: Narrador
375 ## - GÉNERO/SEXO
- Género/Sexo: Masculino
377 ## - LENGUA/LENGUAJE ASOCIADO
- Código del idioma: spa
400 1# - TRAZADO DE VÉASE--NOMBRE DE PERSONA
- Nombre de persona: Frank Rosario, José
670 ## - FUENTE DE DATOS ENCONTRADOS
- Cita de la fuente: Rosario, José Frank, Santuarios :, 2016.
670 ## - FUENTE DE DATOS ENCONTRADOS
- Cita de la fuente: Rosario, José Frank,, Coronar el viento: novela, 2011
